00655nam a22001937a 450000500170000001000150001702000230003203500140005503700090006908200110007810000250008924500440011426000350015827000570019330000210025094200250027199900190029695201460031520240913161250.0 aENG-141068 c595.00a8188090913 aEN-124600 bDBAD a615.85 aRajnish Kumar971702 aMemory Mind and Body/cBy Rajnish Kumar aDelhibSwastik Prakashanc2017 bDelhiaAtma Ram Building 1376, Kashmere Gatee110006 a272p.c23cm(pbk) 2ddccENh615.85mRAJ c204587d204587 001040708NFICaBL4bBL4d2024-07-29eDBADg595.00l3m1o615.85 RAJpEN-124600r2026-04-18 12:08:48s2026-04-06t1v595.00w2024-07-29yEN